Not a cheerful picture (Record no. 15527)
[ view plain ]
| 000 -LEADER | |
|---|---|
| fixed length control field | 01127cab a2200205 4500 |
| 001 - CONTROL NUMBER | |
| control field | ABS40344 |
| 008 - FIXED-LENGTH DATA ELEMENTS--GENERAL INFORMATION | |
| fixed length control field | 090401t1989 xxu||||| |||| 00| 0 eng d |
| 035 ## - SYSTEM CONTROL NUMBER | |
| System control number | (Sirsi) u23200 |
| 041 ## - LANGUAGE CODE | |
| Language code of text/sound track or separate title | eng |
| 100 ## - MAIN ENTRY--PERSONAL NAME | |
| Personal name | Callender, M. |
| 245 ## - TITLE STATEMENT | |
| Title | Not a cheerful picture |
| 260 ## - PUBLICATION, DISTRIBUTION, ETC. | |
| Date of publication, distribution, etc. | 1989 |
| 350 ## - PRICE (NR) (BK AM CF MU VM SE) [OBSOLETE] | |
| Price | 0 |
| 490 ## - SERIES STATEMENT | |
| Series statement | National Builder |
| Volume/sequential designation | February 1989, 16-17(20 |
| 520 ## - SUMMARY, ETC. | |
| Summary, etc. | Reports on the results of the English House Condition Survey carried out by the DoE in 1986. For the purposes ofthe survey repair was defined as referring to faults which were a threat to the occupant`s health, safety , security and comfort and any other defects which, if not, remedied quickly, would rapidly become more expensive to rectify. Using this yardstick the evidence showed that 12.9% of the total stock was in a poor state of repair. Concludes that given the current economic climate it is difficult to envisage how the backlog of residential repairs can be reduced. (The report is available on loan from the Library. |
| 650 ## - SUBJECT ADDED ENTRY--TOPICAL TERM | |
| Topical term or geographic name entry element | HOUSING |
| 690 ## - LOCAL SUBJECT ADDED ENTRY--TOPICAL TERM (OCLC, RLIN) | |
| Topical term or geographic name as entry element | BUILDING AND CONSTRUCTION-REPAIRS AND MAINTENANCE |
| 942 ## - ADDED ENTRY ELEMENTS (KOHA) | |
| Suppress in OPAC | 0 |
| 948 ## - LOCAL PROCESSING INFORMATION (OCLC); SERIES PART DESIGNATOR (RLIN) | |
| c (OCLC) | 04/03/1997 |
| Withdrawn status | Lost status | Source of classification or shelving scheme | Damaged status | Not for loan | Home library | Current library | Shelving location | Date acquired | Total Checkouts | Full call number | Barcode | Date last seen | Copy number | Price effective from | Koha item type |
|---|---|---|---|---|---|---|---|---|---|---|---|---|---|---|---|
| Dewey Decimal Classification | London | London | Journal article | 14/09/1999 | ABS40344 | 23200-1001 | 06/08/2019 | 1 | 06/08/2019 | Journal article |